000 00226 a2200097 4500
001 44448
100 _aMannan
245 _aEconomic Problems & Planning in Pakistan
260 _aKarachi
_bFeroz Sons
_c
090 _c28162
_d28162
942 _aNUST-CAE
_cM
_c20183
999 _c279521
_d279521